| 000 | 00756nam a2200205 a 4500 | ||
|---|---|---|---|
| 001 | 747 | ||
| 003 | CO-ViMGA | ||
| 008 | 141112s2004 ck r 000 u spa d | ||
| 040 |
_aCO-ViMGA _bspa _cCO-ViMGA |
||
| 082 | 0 | 4 | _a616.39 D376 |
| 100 | 1 |
_aDerot, Maurice _948612 |
|
| 245 | 1 | 0 |
_aLas enfermedades de la nutrición / _cDerot Maurice , Goury - Laffont Maxime |
| 260 |
_aBarcelona : _bOikos - tau, _c1973 |
||
| 300 | _a124 p | ||
| 490 | _aQue se?, 98 | ||
| 505 | _aFisiopatología de la nutrición 5 - - La diabetes sacarina 25 - - Las obesidades 73 - - Las desnutriciones proteicas 99 La gota 105 - - Las enfermedades dismetabólicas 115 | ||
| 650 | 1 | 4 |
_aGoury - Laffont, Maxime _948613 |
| 650 | 1 | 4 |
_aNUTRICION - ENFERMEDADES _948614 |
| 942 |
_2ddc _cBK |
||
| 999 |
_c12984 _d12984 |
||